LEADER 01520nam a2200313 u 4500 001 000000068816 003 CaOOAMICUS 005 20150206125518.0 008 020320s1936 it u000 u ita u 035 $a10924557 040 $aPUL(R)$bita 100 1 $aMommsen, Theodor,$d1817-1903.$0(OLS)http://pul/name/4019 245 12$aL'impero di Roma /$cTeodoro Mommsen ; opera curata e annotata da Antonio Quattrini G. 260 $aRoma :$bQuattrini,$c1936. 300 $a3 v.$c20 cm 504 $aBibliografia in nota. 651 4$aRoma.$0(OLS)http://pul/subject/8022 700 1 $aQuattrini, Antonio G.$0(OLS)http://pul/name/7626 850 $aPUL 852 $aPUL$W1$xDP2 Filosofia 1$y62$m116 E 27$j88952$nBK-PRI$av. 3 $qStampati$B88954$CPULBib$Z2$F88954 $82 852 $aPUL$W1$xDP2 Filosofia 1$y62$m116 E 25$j160569$nBK-PRI$av. 1$qStampati$B88952$CPULBib$Z2$F88952 $82 852 $aPUL$W1$xDP2 Filosofia 1$y62$m116 E 26$j160570$nBK-PRI$av. 2 $qStampati$B88953$CPULBib$Z2$F88953 $82 852 $aPUL$W1$xDP1 Fondo Capitani$y116$m10 A 95.1$j163506$av.2$qFondi$B163452$CPULBib$Z2$F163452 $HCap1081 $82 852 $aPUL$W1$xDP1 Fondo Capitani$y116$m10 A 95.2$j163507$av.3$qFondi$B163453$CPULBib$Z2$F163453 $HCap1082 $82 941 1 $a8 941 1 $a1 961 $aNota ms. di possesso : Capitani 996 $6245$aL'impero di Roma$9(OLS)http://pul/title/90964 996 $6260$aRoma :$bQuattrini$9(OLS)http://pul/publisher/51777 LEADER 01356nam a2200313 a 4500 001 000000176181 003 CaOOAMICUS 005 20230921161326.0 008 230921s2022 it u000 u ita r 020 $z978-88-291-0773-5* 032 $aLibriCat 040 $aPUL$bita 084 $a344. 4505 110 1 $aItalia.$0(OLS)http://pul/name/1188 245 10$aCodice dell'emergenza :$bla normativa Covid-19, dal 2020 al 2022 / $ca cura di Corrado Sforza Fogliani. 260 $aPiacenza :$bLa Tribuna,$cİ2022. 300 $a717 p. ;$c19 cm 490 1 $aI codici vigenti 2022 650 4$aPandemia di COVID-19$xlegislazione.$0(OLS)http://pul/subject/46704 700 1 $aSforza Fogliani, Corrado,$d1938-$0(OLS)http://pul/name/52768 830 2$aI Codici vigenti 2022.$0(OLS)http://pul/title/217678 850 $aPUL 852 $aPUL$W1$xSL Diritto e Scienze Sociali 3$y79$m348. 45 COD 3.1.151$j200341$qDDC 21$B205124$CPULBib$Z2$F205124 $H136525 $82 941 1 $a9 996 $6020$z978-88-291-0773-5*$9(OLS)http://pul/number/169364 996 $6084$a344. 4505$9(OLS)http://pul/classification/3440 996 $6245$aCodice dell'emergenza :$bla normativa Covid-19, dal 2020 al 2022 / $9(OLS)http://pul/title/217679 996 $6260$aPiacenza :$bLa Tribuna$9(OLS)http://pul/publisher/69734